Los efectos jurd̕icos en Espaą de las decisiones de los r̤ganos internacionales

Bibliographic Details
Format: eBook
Language:Spanish
Published: Madrid: Dykinson, 2020
Subjects:
Online Access:Acceso restringido

MARC

LEADER 00000nam a22000007a 4500
005 20200521154339.0
007 cr|||| ||||
008 200521s2020 es |||||s|||| 00||0 spa d
020 |a 978-84-1324-612-3 
035 |a 31391 
040 |a vLex 
090 |c 10363  |d 10363 
245 0 3 |a Los efectos jurd̕icos en Espaą de las decisiones de los r̤ganos internacionales  |h [Recurso electrn̤ico] / 
256 |a Servicio en ln̕ea 
260 |a Madrid:  |b Dykinson,  |c 2020 
300 |a 1 recurso electrn̤ico 
500 |a de control en materia de Derechos Humanos de naturaleza no jurisdiccional. 
506 1 |a Disponible solo en los productos indicados  |d vLex Global  |d vLex Global (Academic Edition, excluding Law Schools)  |d vLex Global (U.S. Academic Edition, Law Schools)  |d vLex Global (U.S. Academic Edition, excluding Law Schools)  |d vLex Global (Academic Edition, Law Schools) 
650 0 4 |a Derecho Internacional  |z Espaą 
740 0 |a vLex Libros (Servicio en ln̕ea) 
856 4 0 |u http://vlex.com/source/efectos-juridicos-espa-a-decisiones-organos-internacionales-31391  |z Acceso restringido 
942 |c BOOK 
999 0 |a International right